000 00509nam a2200181Ia 4500
008 090630s9999 xx 000 0 und d
082 _b21217
100 _aमोरे राम.
245 _aकमनिया.
_cमोरे राम.
260 _bडिंपल - वसई.
_c1999
300 _a55
600 _aमोरे राम.
630 _aकमनिया.
655 _aकाव्य.
700 _aमोरे राम.
730 _aकमनिया.
942 _cBOOK
999 _c273073
_d273073